Výučba obchodnej angličtiny - súčasnosť a budúcnosť

Výsledky, ktoré Katedra anglického jazyka dosiahla vo vyučovaní obchodnej angličtiny na Ekonomickej univerzite v Bratislave. V poslednom období sa zvládnutie obchodnej angličtiny stalo pre študentov jedným z najdôležitejších predpokladov pri získavaní významných postov v zamestnaní. Najdôležitejšie...

Descrizione completa

Salvato in:
Dettagli Bibliografici
Autore principale: Pašková, Hana
Altri autori: Zsapková, Eleonóra
Natura: Capitolo di libro
Lingua:slovacco
Soggetti:
Tags: Aggiungi Tag
Nessun Tag, puoi essere il primo ad aggiungerne!!

MARC

LEADER 00000nla$a2200000$$$4500
001 0130416
005 20240502072508.6
041 0 |a slo 
044 |a SK 
245 1 0 |a Výučba obchodnej angličtiny - súčasnosť a budúcnosť  |c Hana Pašková, Eleonóra Zsapková 
520 |a Výsledky, ktoré Katedra anglického jazyka dosiahla vo vyučovaní obchodnej angličtiny na Ekonomickej univerzite v Bratislave. V poslednom období sa zvládnutie obchodnej angličtiny stalo pre študentov jedným z najdôležitejších predpokladov pri získavaní významných postov v zamestnaní. Najdôležitejšie ciele, ktoré chcú v blízkej budúcnosti dosiahnuť na Katedre anglického jazyka. Spôsoby a stratégie ako úspešne zlepšiť úroveň vyučovania obchodnej agličtiny na univerzite. 
610 2 0 |a vzdelávanie vysokoškolské 
610 2 0 |a jazyky cudzie 
610 2 0 |a angličtina 
610 2 0 |a obchod 
610 2 0 |a univerzity 
610 2 0 |a vyučovanie 
100 1 |a Pašková, Hana 
700 1 |a Zsapková, Eleonóra